000
00235nam a22001217a 4500
040
_c
SY
082
_a
616
100
_a
SAMAYAJULU GARU
245
_a
Veterinary pathology.
260
_a
NA
_b
SAM
_c
1983
300
_a
201p.
942
_c
EK
999
_c
10323
_d
10323